Southville International School and Colleges
Your cart is empty.
  • Cart
  • Lists
    Public lists Eva Luna New books Lux_list list_1
    Your lists Log in to create your own lists
  • Log in to your account
  • Your cookies
  • Search history
Southville International School and Colleges
  • Advanced search
  • Recent comments
  • Most popular
  • Libraries

Log in to your account

Log in with GOOGLE


If you do not have an external account, but do have a local account, you can still log in:

  1. Home
  2. MARC view: Essentials of human anatomy & physiology :
Normal view MARC view ISBD view

Essentials of human anatomy & physiology : (Record no. 288835)

[ view plain ]
MARC details
000 -LEADER
fixed length control field 00822nam a2200277 a 4500
003 - CONTROL NUMBER IDENTIFIER
control field PILC
005 - DATE AND TIME OF LATEST TRANSACTION
control field 20151008142903.0
008 - FIXED-LENGTH DATA ELEMENTS--GENERAL INFORMATION
fixed length control field 040611s19uu xx 00 eng d
020 ## - INTERNATIONAL STANDARD BOOK NUMBER
International Standard Book Number 9789810698904
050 ## - LIBRARY OF CONGRESS CALL NUMBER
Classification number QP 34.5
Item number .M455 2008
100 ## - MAIN ENTRY--PERSONAL NAME
Personal name Marieb, Elaine N.
245 ## - TITLE STATEMENT
Title Essentials of human anatomy & physiology :
Remainder of title laboratory manual /
Statement of responsibility, etc Elaine N. Marieb.
250 ## - EDITION STATEMENT
Edition statement 4th edition.
260 ## - PUBLICATION, DISTRIBUTION, ETC. (IMPRINT)
Place of publication, distribution, etc Singapore :
Name of publisher, distributor, etc Benjamin Cummings,
Date of publication, distribution, etc 2008.
300 ## - PHYSICAL DESCRIPTION
Extent 386 pages :
Other physical details illustrations ;
Dimensions 25 cm.
500 ## - GENERAL NOTE
General note Includes bibliographical references and index.
650 ## - SUBJECT ADDED ENTRY--TOPICAL TERM
Topical term or geographic name as entry element Human anatomy
General subdivision Laboratory manuals.
650 ## - SUBJECT ADDED ENTRY--TOPICAL TERM
Topical term or geographic name as entry element Physiology
General subdivision Laboratory manuals.
942 ## - ADDED ENTRY ELEMENTS (KOHA)
Koha item type Books
Source of classification or shelving scheme Library of Congress Classification
Call number prefix Foreign
Holdings
Withdrawn status Lost status Source of classification or shelving scheme Damaged status Home library Current library Shelving location Date acquired Source of acquisition Total Checkouts Full call number Barcode Date last seen Price effective from Koha item type
    Library of Congress Classification   Archives Archives   10/08/2015 Donation   QP 34.5 .M455 2008 C20156 05/15/2018 10/08/2015 Books

Essentials of human anatomy & physiology :

APA

Marieb E. N., . (2008). Essentials of human anatomy & physiology. Singapore: Benjamin Cummings.

Chicago

Marieb Elaine N, . 2008. Essentials of human anatomy & physiology. Singapore: Benjamin Cummings.

Harvard

Marieb E. N., . (2008). Essentials of human anatomy & physiology. Singapore: Benjamin Cummings.

MLA

Marieb Elaine N, . Essentials of human anatomy & physiology. Singapore: Benjamin Cummings. 2008.

  • Place hold
  • Print
  • Cite
  • Add to your cart (remove)
  • Save record
    BIBTEX Dublin Core MARCXML MARC (non-Unicode/MARC-8) MARC (Unicode/UTF-8) MARC (Unicode/UTF-8, Standard) MODS (XML) RIS
  • More searches
    Search for this title in:
    Other Libraries (WorldCat) Other Databases (Google Scholar) Online Stores (Bookfinder.com) Open Library (openlibrary.org)

Exporting to Dublin Core...

SOUTHVILLE LIBRARY

Southville International School and Colleges Library

1281 Tropical Ave. Cor. Luxembourg St., BF Homes International, Las Pinas City

Tel. No. 8256374 / 252358 Loc. 117/146

Powered by Koha